| 000 | 00529nam a22001817a 4500 | ||
|---|---|---|---|
| 003 | NUST - PNEC | ||
| 005 | 20170116181104.0 | ||
| 008 | 151003b xxu||||| |||| 00| 0 eng d | ||
| 020 | _a8171007368 | ||
| 020 | _a8171007449 | ||
| 040 | _cLIBRARY | ||
| 082 | _a954.9 GRO | ||
| 100 |
_912571 _aGrover, Verinder |
||
| 245 |
_aPolitical system in Pakistan _b3 Political parties, elections and regionalism in Pakistan _cVerinder Grover |
||
| 260 | _ac.1995 | ||
| 650 |
_912579 _aPolitics and government _xGeneral |
||
| 942 |
_2ddc _cBK |
||
| 999 |
_c68892 _d68892 |
||